zpět

Detail výsledku týmu

Spolek Kroužek, Libštát

Datum a čas kvízu

25 Celkem bodů Celkový počet nahraných bodů na tomto kvízu bez doplňovacích otázek.
11. Pořadí na kvízu Konečné umístění týmu na tomto kvízu.

Zaznamenané odpovědi

# Otázka Odpověď Body Výsledky
1. Pro záslužný čin se rozhodlo v... z Běloruska 1
2. Sestry boromejky v polské Vrat... opilý muž 1
3. Která moderátorka zábavné sout... Tereza Kostková 1
4. Mark Zuckerberg minulý týden n... Meta 1
5. Britská média přinesla minulý... West Ham United 0
6. Pojďme se společně chvíli troc... Casper 1
7. I v nevinně vypadajících hračk... Annabelle 1
8. Máloco člověku způsobilo takov... A) Doktor Spánek 0
9. Dokážete správně přiřadit tyto... 1C 2A 3B 4D 1
10. Bílá paní je nejen nadpřirozen... gin 0